Market leader Upper intermediate business english course book

محفوظ في:
التفاصيل البيبلوغرافية
المؤلف الرئيسي: David Cotton
التنسيق: كتاب
اللغة:English
منشور في: England Pearson Longman 2006
الطبعة:New edition
الوسوم: إضافة وسم
لا توجد وسوم, كن أول من يضع وسما على هذه التسجيلة!
Thư viện lưu trữ: Trung tâm Học liệu Lê Vũ Hùng, Trường Đại học Đồng Tháp
LEADER 00599pam a22001818a 4500
001 00039318
005 20171026081025.0
008 170518s2006 ||||||engsd
041 0 # |a eng 
082 1 4 |a 428  |b M100L 
100 1 # |a David Cotton 
245 1 0 |a Market leader  |b Upper intermediate business english course book  |c David Cotton, David Falvey, Simon Kent 
250 # # |a New edition 
260 # # |a England  |b Pearson Longman  |c 2006 
300 # # |a 176tr.  |c 30 cm 
852 # # |b Kho đọc  |j KD.1000764 
910 |d 18/05/2017 
980 # # |a Trung tâm Học liệu Lê Vũ Hùng, Trường Đại học Đồng Tháp